000 00482nam a2200181 4500
001 137331
003 ES-MaACL
005 20230906195343.0
007 t|
008 070214s1987 sp r ||||1| spa d
020 _a84-7735-503-7
100 1 _aSánchez, Eleuterio.
_9102356
245 1 0 _aCamina o revienta /
_cEleuterio Sánchez.
250 _a1ª. ed.
260 _aBarcelona :
_bEdiciones B,
_c1987.
300 _a556 p. ;
_c19 cm.
852 _aES-MaACL
_jL-12340
_bR.115197
999 _c137331
_d137331